Statistics for Really Old Songs by Lyrics

Click here to take the quiz!

General Stats

  • This quiz has been taken 39 times
  • The average score is 5 of 15

Answer Stats

LyricsSong TitleYear% Correct
How I wonder what you are. Up above the world so high, Like a diamond in the sky.Twinkle Twinkle Little Star1838
89%
the pipes, the pipes are calling
From glen to glen, and down the mountain side.
Danny Boy1913
53%
Buy me some peanuts and cracker jack, I don't care if I never get back,Take Me Out to the Ball Game1908
47%
Oh I come from Alabama With a banjo on my knee. I'm going to Louisiana My true love for to seeOh Susanna1848
45%
Mine eyes have seen the glory of the coming of the LordBattle Hymn of the Republic1861
37%
He floats thro' the air with the greatest of easeThe Daring Young Man on the Flying Trapeze1867
26%
won't you come out tonight, Come out tonight, come out tonight. And dance by the light of the moon.Buffalo Gals1844
24%
Every morning, every evening
___'_ __ ___ ___?
Not much money, oh, but honey
Ain't We Got Fun1921
21%
Come on and hear! Come on and hear! It's the best band in the land!Alexander's Ragtime Band1911
21%
Can't you hear the whistle blowing,
Rise up so early in the morn
I've Been Working on the Railroad1894
21%
I got married to the widow next door, She's been married seven times before.I'm Henery the Eighth I Am1910
18%
That the Yanks are coming
The Yanks are coming
The drums rum tumming everywhere
Over There1917
18%
Keep the love light glowing
In your eyes so true
___ __ ____ ___ __________
I'm in love with you
Let Me Call You Sweetheart1910
13%
sure it's like the morn in spring In the lilt of Irish laughter you can hear the angels singWhen Irish Eyes Are Smiling1912
11%
Come to me __ __________ ____
Cuddle up and don't be blue
My Melancholy Baby1912
5%

Score Distribution

Percentile by Number Answered

Percent of People with Each Score

Your Score History

You have not taken this quiz